004960000a2200073000450024500490000030000610004952002800011077300320039010aEl contexto histórico del Nuevo Testamento aVol.62, núm.284 (enero.febrero, 2007), Páginas 20-26 aLa mayoría de los libros del Nuevo Testamento se escribieron durante la segunda parte del siglo I d.C., y en ellos se refleja el medio histórico y cultural imperante en ese momento. Fueron tres las grandes culturas de la época en la que surgió el Nuevo Testamento...0 tLa Biblia de las Américas